000 00633nam a22002297a 4500
003 UA-OsUOA
001 137341
007 ta
008 20190513b un ||||| |||| 00| 0 ukr d
100 _aКрустен Э.
090 _a894
_bК84
942 _cBK
040 _aUA-OsUOA
_brus
_cUA-OsUOA
_dUA-OsUOA
245 _aСказка о честном слове
300 _a540 с.
955 _a3
041 _arus
080 _a894
260 _aМ.
_bСов. писатель
_c1982
650 7 _a8 Мовознавство. Художня література. Літературознавство
_2UDC
999 _c416288
_d416288